000 00658nam a2200193Ii 4500
003 JO-AjNU
008 230605s9999||||xx |||||||||||||| ||und||
040 _aJO-AjNU
_bara
_erda
_cJO-AjNU
041 _aara
050 1 4 _aHF686.C8.M372.1986
100 3 _aمرعي،عبد الحي,
_eauthor
_920071
245 0 0 _aتطبيقات في التكاليف في خدمة الادارة الحديثة
264 3 1 _aالاسكندرية:مؤسسة شباب الجامعة؛1986
300 _a302ص
336 _atext
_btxt
_2rdacontent
337 _aunmediated
_bn
_2rdamedia
338 _avolume
_bnc
_2rdacarrier
650 4 _aمحاسبة التكاليف
_920072
999 _aA6738
_c10306
_d10306